Normal view
MARC view
Entry Personal Name
001 - CONTROL NUMBER
- control field: 21007
003 - CONTROL NUMBER IDENTIFIER
- control field: dpl
005 - DATE AND TIME OF LATEST TRANSACTION
- control field: 20100921152011.0
008 - FIXED-LENGTH DATA ELEMENTS
- fixed length control field: 100921|||a|||||| | ||| d
040 ## - CATALOGING SOURCE
- Original cataloging agency: dpl
- Transcribing agency: dpl
100 ## - HEADING--PERSONAL NAME
- Personal name: Qabil Ajmeri
670 ## - SOURCE DATA FOUND
- Source citation: Work cat.: (dpl): 17455 Udhas, Pankaj, Tum na mano /, 1986
670 ## - SOURCE DATA FOUND
- Source citation: Work cat.: (dpl): 17455 Udhas, Pankaj, Tum na mano /, 1986
